Top 100 best european football clubs - Statistics

General Stats
  • This quiz has been taken 548 times
  • The average score is 52 of 100
Answer Stats
Hint % Correct
5 Spain FC Barcelona
99%
1 Spain Real Madrid
99%
2 Germany Bayern München
98%
3 Italy AC Milan
97%
4 England Manchester United
97%
6 England Liverpool FC
96%
8 Italy Juventus
95%
7 Netherlands AFC Ajax
94%
13 Germany Borussia Dortmund
94%
9 Italy Internazionale
94%
32 France PSG
93%
88 England Manchester City
92%
16 England Arsenal
91%
12 Portugal Porto FC
90%
10 Portugal Benfica
88%
35 England Chelsea FC
88%
17 Spain Atletico Madrid
87%
11 Scotland Celtic Glasgow
85%
14 France Olympique Marseille
84%
18 Italy AS Roma
82%
15 Scotland Glasgow Rangers
82%
56 France Olympique Lyon
80%
20 England Aston villa
78%
28 Spain Sevilla FC
78%
81 England Spurs
78%
23 Netherlands PSV
77%
47 Italy SSC Napoli
76%
25 Spain Valencia CF
72%
19 Spain Athletic Club Bilbao
67%
55 Italy Lazio
67%
69 Portugal Sporting CP
67%
46 France AS Monaco
63%
30 Netherlands Feyenoord
62%
22 England Everton
61%
80 France Lille OSC
61%
45 Turkey Galatasaray
60%
27 Serbia Red Star Belgrade
59%
42 England Newcastle United
58%
33 England Nottingham Forest
58%
21 Germany Hamburger SV
56%
96 England West Ham United
53%
39 Belgium Anderlecht
52%
26 Germany Schalke 04
52%
50 Belgium Club Brugge
51%
34 Ukraine Dynamo Kiev
51%
58 Czech Republic Sparta Prague
51%
36 Italy ACF Fiorentina
50%
65 Spain Real Betis
48%
64 Sweden Malmö FF
47%
66 Turkey Besiktas
45%
40 Romania Steaua Bucharest
45%
38 England Leeds United
44%
76 Ukraine Shakhtar Donetsk
44%
75 Russia Zenit
44%
79 Croatia Dinamo Zagreb
42%
62 Turkey Fenerbahce
41%
93 France OGC Nice
40%
49 Spain Real Sociedad
40%
99 Austria Salzburg
40%
97 Greece AEK Athens
39%
31 Germany Werder Bremen
39%
59 France Bordeaux
38%
85 Switzerland FC Basel
38%
51 Greece Olympiacos
38%
43 Greece Panathinaikos
37%
89 Italy Torino
37%
94 England Wolverhampton Wanderers
37%
82 Russia CSKA Moscow
36%
52 France FC Nantes
36%
63 Austria Rapid Vienna
36%
44 Germany VfB Stuttgart
36%
37 Germany Borussia Mönchengladbach
35%
41 Italy Parma
35%
91 Denmark Copenhagen
34%
71 Russia Spartak Moscow
31%
29 Italy Genoa CFC
30%
73 Italy Sampdoria
30%
53 Serbia Partizan
29%
61 Germany Köln
28%
24 France AS Saint-Étienne
27%
87 Austria Austria Wien
26%
77 France Stade de Reims
23%
78 England Blackburn Rovers
22%
90 Germany Eintracht Frankfurt
22%
60 England Sunderland
22%
54 Bulgaria CSKA Sofia
21%
98 Spain Espanyol
21%
72 Spain Deportivo La Corunã
19%
95 Belarus BATE Borisov
18%
57 Spain Real Zaragoza
18%
86 Norway Rosenborg BK
18%
70 Switzerland Grasshopper
16%
74 Sweden IFK Göteborg
16%
100 Slovenia Maribor
15%
68 Germany Kaiserslautern
14%
67 England Sheffield Wednesday
12%
83 Belgium Standard de Liège
12%
84 England Ipswich Town
11%
48 Germany Nurnberg
11%
92 England Portsmouth
10%
No matching quizzes found
Score Distribution
Percent of People with Each Score
Percentile by Number Answered
Your Score History
You have not taken this quiz